| 000 | 00634 a2200241 4500 | ||
|---|---|---|---|
| 001 | 200001248 | ||
| 999 |
_c200001248 _d28750 |
||
| 003 | TR-AnTOB | ||
| 005 | 20200311172536.0 | ||
| 008 | 100715s2008 tu 000 0 | ||
| 020 | _a9789753683135 | ||
| 041 | _atur | ||
| 050 | 1 | 4 | _aK375.T8 |
| 090 | _aK375.T8 I85 2008 | ||
| 100 | 1 |
_aIşıktaç, Yasemin _969523 |
|
| 245 | 1 | 0 |
_aHukuk sosyolojisi / _cYasemin Işıktaç. |
| 264 | 1 |
_aİstanbul : _bFiliz Kitabevi, _c2008. |
|
| 300 |
_a564 s. _c24 cm. |
||
| 504 | _aKaynakça: s.[385]-394 | ||
| 650 | 0 | 0 |
_aSociological jurisprudence _937434 |
| 650 | 0 | 0 |
_aSosyal içerikli içtihatlar _9120805 |
| 942 | _cBK | ||